| 000 | 00457nam a22001697a 4500 | ||
|---|---|---|---|
| 003 | BDDh-ASL | ||
| 005 | 20231015031027.0 | ||
| 008 | 220929s1947 ii ||||| |||| 00| 0 urd d | ||
| 040 |
_aBDDh-ASL _cBDDh-ASL |
||
| 082 |
_a297 _bNAS |
||
| 100 | 1 |
_94134 _aNadwi, Syed Sulaiman |
|
| 245 | 1 | 0 | _aSiratun Nabi : / سیرۃ النبی |
| 260 |
_aAzamgarh : _bMarif Press , _c1947. |
||
| 300 |
_a868 p. : _c26 cm. |
||
| 650 | 0 |
_95549 _aSirat |
|
| 942 |
_2ddc _cBK |
||
| 999 |
_c29399 _d29399 |
||